000 00598nam a2200241 a 4500
001 nice12345678
003 IN_TiNIC
005 20260116012525.0
008 050524s1980 meea grp 000 0 eng
020 _a
_c50
082 0 0 _a305.8095483
_bSIN
100 _aSinghal, D P
245 _aModern Indian Society and Culture.
260 _aMeerut
_bMeenakshi Pub
_c1980
300 _a280p
500 _aincludes index and biblioraphy
505 2 _abibliography, Index.
650 _aIndia-Social Conditions
700 1 _aSinghal, D P
902 _bSRS
942 _cBK
999 _c7345
_d7345